000 00337nam a2200121Ia 4500
999 _c8932
_d8932
082 _a320.97
100 _aمحمود شام
245 0 _aامریکا کیا سوچ رہا ہے؟
260 _aکراچی
_bویلکم بک پورٹ (پرائیویٹ) لمیٹڈ
_c٢٠٠٥
300 _a٤٣٦ صفحات
650 _aAmerica
942 _cBK